Evidence-based physical diagnosis / (Record no. 118753)

MARC details
000 -LEADER
fixed length control field 00637nam a2200229 a 4500
008 - FIXED-LENGTH DATA ELEMENTS--GENERAL INFORMATION
fixed length control field
020 ## - INTERNATIONAL STANDARD BOOK NUMBER
International Standard Book Number 9781437722079 (pbk.)
049 ## - LOCAL HOLDINGS (OCLC)
Holding library MAIN
090 ## - LOCALLY ASSIGNED LC-TYPE CALL NUMBER (OCLC); LOCAL CALL NUMBER (RLIN)
Classification number (OCLC) (R) ; Classification number, CALL (RLIN) (NR) RC76
Local cutter number (OCLC) ; Book number/undivided call number, CALL (RLIN) MCG
003 - CONTROL NUMBER IDENTIFIER
control field
005 - DATE AND TIME OF LATEST TRANSACTION
control field 20260323195720.0
040 ## - CATALOGING SOURCE
Transcribing agency NUST
100 1# - MAIN ENTRY--PERSONAL NAME
Personal name McGee, Steven.
245 10 - TITLE STATEMENT
Title Evidence-based physical diagnosis /
Statement of responsibility, etc. Steven McGee.
260 ## - PUBLICATION, DISTRIBUTION, ETC.
Place of publication, distribution, etc. Philadelphia :
Name of publisher, distributor, etc. Elsevier Saunders,
Date of publication, distribution, etc. c2012
300 ## - PHYSICAL DESCRIPTION
Extent 3rd ed.
300 ## - PHYSICAL DESCRIPTION
Extent xv, 719 p. :
Other physical details ill. :
Dimensions 22 cm.
500 ## - GENERAL NOTE
General note Includes index.
650 ## - SUBJECT ADDED ENTRY--TOPICAL TERM
Topical term or geographic name entry element Physical diagnosis.
907 ## - LOCAL DATA ELEMENT G, LDG (RLIN)
a .b10364274
b 29-10-15
c 29-10-15
942 ## - ADDED ENTRY ELEMENTS (KOHA)
Koha item type Ordinary Loan Books
Call number prefix RC76
Call number suffix MCG
Koha issues (borrowed), all copies 1
Holdings
Date last seen Total Checkouts Full call number Barcode Date last checked out Cost, replacement price Price effective from Koha item type Lost status Source of classification or shelving scheme Damaged status Not for loan Collection Withdrawn status Home library Current library Shelving location Date acquired Cost, normal purchase price
04/16/2026 2 RC76 MCG 92004041317 03/23/2026 80.00 01/20/2023 BOOKS   LCC     NFIC   Medical MAIN GEN 01/20/2023 80.00